|
|
|
|
| LEADER |
00000nas a22000001a 4500 |
| 001 |
vtls010302570 |
| 003 |
SK-MaSNL |
| 005 |
20260228163139.0 |
| 008 |
110810d19531955xo mr p r 0 b0slo |
| 015 |
|
|
|a SNBDS17XX9999
|
| 015 |
|
|
|a 1894
|2 Balúnová 1945-60
|
| 038 |
|
|
|a SNKBUDS
|
| 040 |
|
|
|a SNK
|b slo
|c SNK
|e AACR2
|
| 041 |
0 |
|
|a slo
|a hun
|
| 044 |
|
|
|a xo
|c SK
|
| 080 |
|
|
|a 664.1
|2 2001
|
| 080 |
|
|
|a 070.489
|2 2001
|
| 245 |
0 |
0 |
|a Za mier
|b závodný časopis zamestnancov n. p. Cukrovar Sládkovičovo
|
| 246 |
1 |
1 |
|a A Békéért
|
| 260 |
|
|
|a Sládkovičovo
|b ZS ROH, ZO KSS, ZS ČSM a vedenie podniku Cukrovar, n. p. Sládkovičovo
|c 1953-1955
|
| 300 |
|
|
|a 3 roč.
|c 30 x 21 cm
|
| 310 |
|
|
|a 1x mesačne
|
| 362 |
0 |
|
|a Roč. I, č. 1 (1953)-roč. III, č. 3 (28.3.1955)
|
| 500 |
|
|
|a Vych. v Sládkovičove mesačne vo formáte 30 x 21 cm, od 1/II (23. jan. 1954) 43 x 30 cm
|
| 500 |
|
|
|a Red. red. krúžok. Zodp. red. Štefan Šebők
|
| 500 |
|
|
|a Vyd. ZS ROH, ZO KSS, ZS ČSM a vedenie podniku Cukrovar, n. p. Sládkovičovo
|
| 500 |
|
|
|a Tlač. rozmnož. cyklostylom, od 1/ II (25. jan. 1954) Knižné závody, n. p., prev. Trnava
|
| 500 |
|
|
|a V r. 1953 vychádzal cyklostylom. V knižniciach sa tento ročník nezachoval. Vych. asi od júla 1953, podľa listu zodp. red. Š. Šebőka z 22. mája 1964. Posl. č. 3/III z 28. marca 1955. Pov. PIO č. 7-2144/53
|
| 505 |
8 |
0 |
|g Roč. I. 1953
|
| 505 |
8 |
0 |
|g Roč. II. 1954 11 č. po 4 s.
|
| 505 |
8 |
0 |
|g Roč. III. 1955 3 č. po 4 s.
|
| 546 |
|
|
|a Dvojjazyčný slov.-maď. časopis
|
| 610 |
2 |
7 |
|a Cukrovar, n. p. (Sládkovičovo)
|x časopisy
|2 SNKBUDS
|9 273184
|
| 650 |
0 |
7 |
|a cukrovarníctvo
|2 SNKPH
|9 21039
|
| 655 |
|
7 |
|a podnikové časopisy
|2 SNKBUDS
|9 265225
|
| 700 |
1 |
|
|a Šebők, Štefan
|4 pbd
|9 273185
|
| 710 |
2 |
|
|a Cukrovar, n. p. (Sládkovičovo)
|e vydav.
|9 273186
|
| 710 |
2 |
|
|a Knižné závody, n.p. (Bratislava)
|b prevádzka Trnava
|e tlač.
|9 272209
|
| 852 |
|
|
|a SNK
|b 10000
|h ČSA 402
|
| 852 |
|
|
|a UKB
|b 300000
|h SA 352
|
| 852 |
|
|
|a SVKKK
|b 900000
|h E 145
|
| 852 |
|
|
|a UKB
|b 300000
|h XX A 134
|
| 999 |
|
|
|c 8940
|d 10870
|